Collserola pas a pas / text de Xavier Moret ; fotos de Pepe Navarro ; pròleg de Josep M. Espinàs
ISBN:
84-9803-050-1
Descripción Física:
423 p. : principalment il. ; 23 cm
MARC
| LEADER | 00000nam a2200000Ia 4500 | ||
|---|---|---|---|
| 001 | 17024 | ||
| 008 | 160829s2005 xx 000 0 cat d | ||
| 020 | |a 84-9803-050-1 | ||
| 080 | |a C-3-23 | ||
| 100 | |a Moret, Xavier |9 40908 | ||
| 245 | |a Collserola pas a pas / text de Xavier Moret ; fotos de Pepe Navarro ; pròleg de Josep M. Espinàs | ||
| 250 | |a 2a ed. | ||
| 260 | |a Barcelona : |b Diputació de Barcelona, Xarxa de Municipis, |c 2005 | ||
| 300 | |a 423 p. : |b principalment il. ; |c 23 cm | ||
| 590 | |a Inclou el mapa Serra de Collserola: mapa excursionista i turístic, escala 1:20000 | ||
| 650 | |a Collserola, Serra de |x Llibres de làmines |9 34460 | ||
| 650 | |a Collserola, Serra de |x Guies |9 39048 | ||
| 700 | 1 | |a Navarro, Pepe, |d 1954- |e fotografies |9 34462 | |
| 700 | 1 | |a Espinàs, Josep M., |d 1927-2023 |e autor del pròleg |9 28496 | |
| 710 | 1 | |a Barcelona (Catalunya : Província). |b Diputació |9 52408 | |
| 901 | |a Arxiu | ||
| 942 | |n 1 |2 udc | ||
| 952 | |0 0 |1 0 |4 0 |6 C323 |7 1 |9 46525 |a Arxiu |b Arxiu |d 2016-12-01 |l 0 |o C-3-23 |p 17024 |r 2016-12-01 00:00:00 |w 2016-12-01 |y ARXIU | ||
| 999 | |c 50316 |d 50316 | ||